000
00214 a2200097 4500
001
2098
100
_a
Williams, D
245
_a
Introduction to the theory of aircraft
260
_a
_b
Arnold
_c
090
_c
1548
_d
1548
942
_a
NUST-CAE
_c
M
_c
6091
999
_c
237171
_d
237171